A happy family : Focus on simple present tense

Bibliographic Details
Main Author: May Gan
Corporate Author: Title
Format: Book
Published: Selangor : Pustaka Tintamas , 2006
Series:English grammer series
Subjects:

MARC

LEADER 00000cam a2200000 7i4500
001 0000001763
005 20220105103927.0
008 070709
020 |a 9833004784(set) 
020 |a 9833004830 
090 0 0 |a JP   |b ENG (2169) 
100 1 |a May Gan 
245 1 2 |a A happy family :   |b Focus on simple present tense   |c May Gan 
260 |a Selangor :   |b Pustaka Tintamas ,   |c 2006 
440 0 |a English grammer series 
500 |a Children age 4-6 years old (yellow) 
650 0 |a Children's stories, English 
710 1 |a Title 
999 |a 0000951650   |b Book   |c Children Collection   |e Cawangan Bandar Penawar 
999 |a 0000962409   |b Book   |c Children Collection   |e Perbadanan Perpustakaan Awam Johor 
999 |a 0000962410   |b Book   |c Children Collection   |e Cawangan Tangkak 
999 |a 0000962412   |b Book   |c Children Collection   |e Perbadanan Perpustakaan Awam Johor